01349nam a22002057a 4500003000900000005001700009008004100026040002800067100004800095245019300143260004100336300004000377502019000417504005300607505024600660700004000906700004300946700003600989830011801025DO-SdBJH20240920121153.0240920b |||||||| |||| 00| 0 spa d aDO-SdBJHbspacDO-SdBJH1 aHernández Salazar, Carmen L.esustentante10aPropuesta de encriptación de las comunicaciones por radio de la FARD / cCarmen L. Hernández Salazar, Carlos José Moreno, asesores Tebi Rodríguez Hernández, Amaury Gonzales Sayas aSanto Domingo Este :bINSUDE, c2022 axvi, 47 páginas, imágenes, mapa aTrabajo de grado (Licenciatura en Ciencias Aeronáuticas) -- Instituto Superior para la Defensa (INSUDE). -- Academia Aérea Gral. De Brigada Piloto Frank Andrés Feliz Miranda, 2022 aIncluye referencias bibliográficas e índices aAntecedentes históricos de la encriptación de las comunicaciones. -- Riesgos de seguridad en el intercambio de información por radio de la FARD. -- Mecanismo de encriptación idóneo para aplicarlo en la seguridad de radio de la FARD1 aMoreno, Carlos José esustentante1 aRodríguez Hernández, Tebi easesor1 aGonzales Sayas, Amaury easesor aINSUDE. Academia Aérea Gral. De Brig. Pil. Frank Andrés Feliz Miranda. Tesis y disertaciones académicas